|
|
|
|
| LEADER |
00000nab a2200000 a 4500 |
| 001 |
vtls010196450 |
| 003 |
SK-MaSNL |
| 005 |
20260426094205.0 |
| 008 |
250708c2009 xo ||||||||||||00 b|slo |
| 015 |
|
|
|a SNBRB2010/12
|2 snkbucl
|
| 035 |
|
|
|a (uuid)b2f056fb-0a6a-4698-98be-7c82a7be4739
|
| 035 |
|
|
|a urn:nbn:sk:snk-aba9l2
|
| 035 |
|
|
|a (urnnbn)urn:nbn:sk:snk:ar-a09lv6
|
| 038 |
|
|
|a SNKBUCL
|
| 040 |
|
|
|a SNKBUCL
|b slo
|c SNKBUCL
|e AACR2
|
| 041 |
0 |
|
|a slo
|b eng
|
| 044 |
|
|
|a xo
|c SK
|
| 080 |
|
|
|a 599.742.21
|x (234.372)
|2 1997
|
| 080 |
|
|
|a 591.15
|x (234.372)
|2 1997
|
| 080 |
|
|
|a 591.5:574.3
|x (234.372)
|2 1997
|
| 080 |
|
|
|a 575.22
|2 1997
|
| 245 |
0 |
0 |
|a Využitie vzoriek trusu a srsti pri štúdiu populácií medveďa hnedého
|c Martin Straka ... [et al.]
|
| 300 |
|
|
|b Obr., tab.
|
| 504 |
|
|
|a Bibliogr. odkazy
|
| 546 |
|
|
|a Res. angl.
|
| 650 |
0 |
7 |
|a medveď hnedý
|2 snkbucl
|9 30209
|
| 650 |
0 |
7 |
|a mikrosatelity
|2 snkbucl
|9 1101461
|
| 650 |
0 |
7 |
|a živočíšne populácie
|2 snkbucl
|9 70903
|
| 650 |
0 |
7 |
|a početné stavy zvierat
|2 snkbucl
|9 70007
|
| 650 |
0 |
7 |
|a genotyp
|2 snkbucl
|9 19992
|
| 650 |
0 |
7 |
|a trus
|2 snkbucl
|9 326219
|
| 650 |
0 |
7 |
|a srsť
|2 snkbucl
|9 870256
|
| 650 |
0 |
7 |
|a vzorky
|2 snkbucl
|9 402971
|
| 651 |
|
7 |
|a Slovensko
|2 snkbucl
|9 14231
|
| 651 |
|
7 |
|a Karpaty (pohorie)
|2 SNKPHgeo
|9 157023
|
| 700 |
1 |
|
|a Straka, Martin,
|d 1983-
|4 aut
|9 323083
|
| 700 |
1 |
|
|a Finďo, Slavomír
|4 aut
|9 207023
|
| 700 |
1 |
|
|a Štofík, Jozef
|4 aut
|9 742763
|
| 700 |
1 |
|
|a Paule, Ladislav,
|d 1947-
|4 aut
|9 243789
|
| 773 |
0 |
|
|t Acta Facultatis Forestalis Zvolen
|g Roč. LI, Suppl. 1 (2009), s. 19-29
|x 0231-5785
|
| 850 |
|
|
|a Slovenská národná knižnica
|
| 852 |
|
|
|a Slovenská národná knižnica
|
| 856 |
4 |
1 |
|u http://www.tuzvo.sk/files/3_3/Acta_Facultatis_Forestalis/aff_09_suppl_1.pdf
|
| 954 |
|
|
|a odborná, vedecká literatúra pôvodná (slovenská)
|2 lita
|
| 958 |
|
|
|a article13
|
| 958 |
|
|
|a OND
|
| 958 |
|
|
|a NB
|
| 958 |
|
|
|a SK
|
| 958 |
|
|
|a EUIPO
|
| 999 |
|
|
|c 3128331
|d 3130261
|